=LDR 00000nam 2200000 4500 =001 000735 =005 20250711040439 =035 ##$$a 0010-0725000603 =007 ta =008 250711################a##########0#ind## =020 ##$$a 978-623-307-507-7 =082 ##$$a 398.209 598 =084 ##$$a 398.209 598 CHE a =100 #$$a Cheh komar =245 1#$$a Ayo terbang /$c Komar rien komar cheh =250 ##$$a Cetakan pertama =260 ##$$a Rawamangun :$b Badan pengembangan dan pusat bahasa,$c 2022 =300 ##$$a 18 hlm. : $b Ilus. ; $c 21 cm. =990 ##$$a TBM05110511